000 01002nam0a2200325 4500
001 RU\NLR\bibl\407356
005 20260405132156.0
010 _a5-385-01908-7
_91000
021 _aRU
_b2003-18222
_9833
035 _a(NLR Aleph) 000401453
090 _a577794
_c577794
100 _a20030530d2003 |||y0rusy50 ca
101 0 _arus
102 _aRU
105 _ay |||||||||
200 1 _aДар судьбы
_eСтихи и поэмы
_fГеннадий Гоц
210 _aМ.
_cДружба народов
_d2003
215 _a204,[2] с.
_d17
675 _a821.161.1-1Гоц
_v3
_zrus
686 _a17.82
_2rugasnti
686 _a84(2Рос-Рус)6-5
_2rubbk
686 _aШ6(2=Р)75-5
700 1 _4070
_8rus
_7ca
_aГоц
_bГ. С.
_f1933-
_gГеннадий Сидорович
_3RU\NLR\auth\7753044
_935977
801 0 _aRU
_bRKP
_c20030530
_gPSBO
801 1 _aRU
_bRKP
_c20030530
801 2 _aRU
_bNLR
_c20070613
_grcr
942 _cBOOK
980 _aNB